<?xml version="1.0" encoding="UTF-8"?>
<record
    xmlns:xsi="http://www.w3.org/2001/XMLSchema-instance"
    xsi:schemaLocation="http://www.loc.gov/MARC21/slim http://www.loc.gov/standards/marcxml/schema/MARC21slim.xsd"
    xmlns="http://www.loc.gov/MARC21/slim">

  <leader>00353nam a22001097a 4500</leader>
  <datafield tag="040" ind1=" " ind2=" ">
    <subfield code="c">RUA</subfield>
  </datafield>
  <datafield tag="082" ind1=" " ind2=" ">
    <subfield code="a">FAO JUN 2011 C011 Or.</subfield>
  </datafield>
  <datafield tag="245" ind1=" " ind2=" ">
    <subfield code="a">&#x1780;&#x17B6;&#x179A;&#x1780;&#x17B6;&#x178F;&#x17CB;&#x1794;&#x1793;&#x17D2;&#x1790;&#x1799;&#x179B;&#x17B6;&#x179A;&#x1794;&#x17B6;&#x178F;&#x17CB;&#x1794;&#x1784;&#x17CB;&#x179F;&#x17D2;&#x179A;&#x17BC;&#x179C;&#x1780;&#x17D2;&#x179A;&#x17C4;&#x1799;&#x1796;&#x17C1;&#x179B;&#x1794;&#x17D2;&#x179A;&#x1798;&#x17BC;&#x179B;&#x1795;&#x179B;</subfield>
  </datafield>
  <datafield tag="260" ind1=" " ind2=" ">
    <subfield code="a">phnom penh</subfield>
    <subfield code="b">rua</subfield>
    <subfield code="c">2011</subfield>
  </datafield>
  <datafield tag="300" ind1=" " ind2=" ">
    <subfield code="a">v.23p.</subfield>
    <subfield code="b">ill.</subfield>
    <subfield code="c">29cm.</subfield>
  </datafield>
  <datafield tag="942" ind1=" " ind2=" ">
    <subfield code="c">REC</subfield>
  </datafield>
  <datafield tag="999" ind1=" " ind2=" ">
    <subfield code="c">22152</subfield>
    <subfield code="d">22152</subfield>
  </datafield>
  <datafield tag="952" ind1=" " ind2=" ">
    <subfield code="0">0</subfield>
    <subfield code="1">0</subfield>
    <subfield code="4">0</subfield>
    <subfield code="6">FAO_JUN_2011_000000000000000_C011_OR</subfield>
    <subfield code="7">0</subfield>
    <subfield code="9">96419</subfield>
    <subfield code="a">LBC</subfield>
    <subfield code="b">LBC</subfield>
    <subfield code="c">C011</subfield>
    <subfield code="d">2023-11-08</subfield>
    <subfield code="o">FAO JUN 2011 C011 Or.</subfield>
    <subfield code="p">a073661</subfield>
    <subfield code="r">2023-11-08</subfield>
    <subfield code="w">2023-11-08</subfield>
    <subfield code="y">REC</subfield>
  </datafield>
</record>
